Pays en P en 1 minute - Statistiques

Statistiques générales
  • Ce quiz a été pris 409 fois
  • Le résultat moyen est 6 sur 11
Statistiques - réponses
Pays en "P" % Correct
Portugal
79%
Pakistan
74%
Pérou
74%
Pologne
74%
Paraguay
60%
Panama
59%
Papouasie-Nouvelle-Guinée
57%
Palaos
52%
Philippines
49%
Pays-Bas
40%
Palestine
16%
Aucun quiz correspondant
Distribution des résultats
% des personnes avec chaque résultat
Percentile par nombre de réponses
Votre historique - résultats
Vous n’avez pas pris ce quiz